Online
Catalog

La agonia del poder / (Record no. 39797)

MARC details
000 -CABECERA
campo de control de longitud fija 00748nam a2200217 a 4500
001 - NÚMERO DE CONTROL
campo de control 000040307
005 - FECHA Y HORA DE LA ÚLTIMA TRANSACCIÓN
campo de control 20201002034039.0
008 - DATOS DE LONGITUD FIJA--INFORMACIÓN GENERAL
campo de control de longitud fija 130821s1978 sp c 000 0 spa d
020 ## - NÚMERO INTERNACIONAL ESTÁNDAR DEL LIBRO
Número Internacional Estándar del Libro 842531089X
040 ## - FUENTE DE LA CATALOGACIÓN
Centro catalogador/agencia de origen DO-SdBNP
Lengua de catalogación spa
Centro/agencia transcriptor BNPHU
082 ## - NÚMERO DE LA CLASIFICACIÓN DECIMAL DEWEY
Número de clasificación xxxx
Número de documento/Ítem H159a
100 1# - ENTRADA PRINCIPAL--NOMBRE DE PERSONA
Nombre de persona Haldeman, H. R.
9 (RLIN) 66593
240 13 - TÍTULO UNIFORME
Título uniforme The ends of power /
Lenguaje de la obra Ingles
245 13 - MENCIÓN DE TÍTULO
Título La agonia del poder /
Mención de responsabilidad, etc. H. R. Haldeman; colaborador Joseph DiMona; traducción J. M. Álvarez Flórez, Ángela Pérez.
260 ## - PUBLICACIÓN, DISTRIBUCIÓN, ETC.
Lugar de publicación, distribución, etc. Barcelona :
Nombre del editor, distribuidor, etc. Ediciones Grijalbo,
Fecha de publicación, distribución, etc. 1978.
300 ## - DESCRIPCIÓN FÍSICA
Extensión 407 p. :
Otras características físicas retrs. ;
Dimensiones 19 cm.
590 ## - NOTA LOCAL (RLIN)
Nota local Inventariado, 2019/ YL
700 1# - PUNTO DE ACCESO ADICIONAL--NOMBRE DE PERSONA
Nombre de persona DiMona, Joseph
Término indicativo de función/relación col.
9 (RLIN) 66594
700 1# - PUNTO DE ACCESO ADICIONAL--NOMBRE DE PERSONA
Nombre de persona Álvarez Flórez, J. M.,
Término indicativo de función/relación tr.
9 (RLIN) 11935
700 1# - PUNTO DE ACCESO ADICIONAL--NOMBRE DE PERSONA
Nombre de persona Pérez, Ángela,
Término indicativo de función/relación tr.
9 (RLIN) 11936
Holdings
Estado de retiro Estado de pérdida Restricciones de uso No para préstamo Código de colección Localización permanente Ubicación/localización actual Ubicación en estantería Fecha de adquisición Número de inventario Total de préstamos Signatura topográfica completa Código de barras Fecha visto por última vez Precio válido a partir de Tipo de ítem Koha
      Excluido de préstamo Monografías: Libros y Folletos General General En catalogación 21.08.2013 LF1   xxxx H159a 40307-10 25.06.2020 25.06.2020 No se presta

Powered by Koha